000 00537nam a2200229Ia 4500
005 20250425162431.0
008 250425s9999 xx 000 0 und d
020 _a9701033930
041 _aspa
043 _amx
082 _a657.8
100 _aRAMIREZ PADILLA, DAVID NOEL
245 0 _aCONTABILIDAD ADMINISTRATIVA
250 _a6A ED.
260 _aMéxico
_bMC GRAWHILL
_c2002
260 _aS.L.
300 _a601
650 _aCONTABILIDAD ADMINISTRATIVA
710 _aMCGRAW-HILL
942 _c01
010 _a73553
999 _c229123
_d229123